00593nam a2200193Ia 450000500170000000800410001702000150005808200150007310000180008824500740010626000450018030000200022565000130024565000120025865000130027094200060028395200970028999900130038620240726005040.0240331s9999 xx 000 0 und d a9558129240 a294.3bJAY aJayasuriya, E 0aThera - Theri Gatha :bInspired utterances of Buddhis Monks and Nuns. aDehiwalabBuddhist Cultural Centrec1999 axxviii, 94 p ., aReligion aCulture aBuddhism cL 001040708LaWERCLbWERCLcSSCd2024-03-31l0o 294.3 JAYp4115r2024-03-31w2024-03-31yL c921d921